000 01192nam a22002897a 4500
005 20170816165246.0
008 170816b2015 ck ||||| |||| 00| 0 spa d
020 _a9789585797468
040 _aCO-BoIAVH
_cCO-BoIAVH
041 _aspa
082 _a639.2092
_bS11e
110 _aSaavedra Diaz, Lina
245 1 3 _aEl conocimiento de los pescadores artesanales:
_buna herramienta para el manejo participativo de nuestros recursos Pesqueros
260 _aBogotá:
_bAunap,
_bUniversidad del Magdalena,
_c2015.
300 _a56 páginas
_bilustraciones a color, gráficas,fotografías a color
_c28 x 21
650 1 4 _aPesca artesanal
_xUso sostenible
_zColombia
650 1 4 _aConocimiento tradicional
_xPescadores
_zColombia
650 1 4 _aRecurso pesqueros
_xManejo participativo
_zColombia
650 1 4 _aManejo de recursos
_xComunidades piloto
_zColombia
700 _aManjarrés Martinez, Luis
700 _aDuarte, Luis Orlando
700 _aCuello, Felix
700 _aBotto Barrios, Darlin
700 _aAngel Yunda, Catalina
700 _aGonzáles Pabón, María de los Ángeles
942 _2ddc
_cLIBRO
999 _c19739
_d19739